|
|
|
|
| LEADER |
04095nam a2200949 i 4500 |
| 001 |
nkc20203170652 |
| 003 |
CZ PrNK |
| 005 |
20210322122709.0 |
| 007 |
ta |
| 008 |
200205s2019 xr abcgf 001 0dcze |
| 015 |
|
|
|a cnb003170652
|
| 020 |
|
|
|a 978-80-88103-49-3
|q (vázáno)
|
| 035 |
|
|
|a (OCoLC)1199990026
|
| 040 |
|
|
|a ABA001
|b cze
|e rda
|
| 041 |
0 |
|
|a cze
|b eng
|
| 043 |
|
|
|a ec-----
|a e-xr---
|b e-xr-mr
|2 czenas
|
| 045 |
|
|
|a u2u9
|
| 072 |
|
7 |
|a 27
|x Křesťanství. Křesťanská církev všeobecně. Eklesiologie
|2 Konspekt
|9 5
|
| 080 |
|
|
|a 27-722.52
|2 MRF
|
| 080 |
|
|
|a 929.732
|2 MRF
|
| 080 |
|
|
|a 7.078.071
|2 MRF
|
| 080 |
|
|
|a 27-772
|2 MRF
|
| 080 |
|
|
|a 27-7
|2 MRF
|
| 080 |
|
|
|a 7.078
|2 MRF
|
| 080 |
|
|
|a 7.034.7
|2 MRF
|
| 080 |
|
|
|a 78.034.7
|2 MRF
|
| 080 |
|
|
|a 72/76.05-027.39
|2 MRF
|
| 080 |
|
|
|a 27-662:316.74
|2 MRF
|
| 080 |
|
|
|a 27-662:3
|2 MRF
|
| 080 |
|
|
|a 2-6+316.72/.75
|2 MRF
|
| 080 |
|
|
|a (437.32)
|2 MRF
|
| 080 |
|
|
|a (4-191.2)
|2 MRF
|
| 080 |
|
|
|a (048.8:082)
|2 MRF
|
| 245 |
0 |
0 |
|a Karel z Lichtensteinu-Castelcorna (1624-1695) :
|b olomoucký biskup a kníže střední Evropy /
|c Ondřej Jakubec (ed.)
|
| 246 |
3 |
0 |
|a Olomoucký biskup a kníže střední Evropy
|
| 250 |
|
|
|a 1. vydání
|
| 264 |
|
1 |
|a Olomouc :
|b Muzeum umění Olomouc,
|c 2019
|
| 300 |
|
|
|a 395 stran :
|b ilustrace (převážně barevné), mapy, portréty, noty, faksimile ;
|c 30 cm
|
| 336 |
|
|
|a text
|b txt
|2 rdacontent
|
| 337 |
|
|
|a bez média
|b n
|2 rdamedia
|
| 338 |
|
|
|a svazek
|b nc
|2 rdacarrier
|
| 500 |
|
|
|a 600 výtisků
|
| 504 |
|
|
|a Obsahuje bibliografii, bibliografické odkazy a rejstříky
|
| 546 |
|
|
|a Anglické resumé
|
| 600 |
1 |
7 |
|a Liechtenstein-Castelcorno, Karl,
|d 1624-1695
|7 jn20000701054
|2 czenas
|
| 610 |
2 |
7 |
|a Katolická církev.
|b Biskupství olomoucké
|7 mzk2010598058
|2 czenas
|
| 648 |
|
7 |
|a 17. století
|7 ch460555
|2 czenas
|
| 648 |
|
4 |
|a 1624-1695
|
| 650 |
0 |
7 |
|a biskupové
|7 ph118929
|z Česko
|y 17. století
|2 czenas
|
| 650 |
0 |
7 |
|a knížata
|7 ph653781
|z Česko
|y 17. století
|2 czenas
|
| 650 |
0 |
7 |
|a mecenáši
|7 ph122719
|z Česko
|y 17. století
|2 czenas
|
| 650 |
0 |
7 |
|a diecéze
|7 ph258278
|z Česko
|y 17. století
|2 czenas
|
| 650 |
0 |
7 |
|a církevní správa
|7 ph232635
|z Česko
|y 17. století
|2 czenas
|
| 650 |
0 |
7 |
|a mecenášství
|7 ph122720
|z Česko
|y 17. století
|2 czenas
|
| 650 |
0 |
7 |
|a barokní umění
|7 ph118765
|z Česko
|2 czenas
|
| 650 |
0 |
7 |
|a barokní hudba
|7 ph118767
|z Česko
|y 17. století
|2 czenas
|
| 650 |
0 |
7 |
|a umělecké zakázky
|7 ph815184
|z Česko
|y 17. století
|2 czenas
|
| 650 |
0 |
7 |
|a křesťanství a kultura
|7 ph115078
|z Česko
|y 17. století
|2 czenas
|
| 650 |
0 |
7 |
|a křesťanství a společnost
|7 ph138510
|z Česko
|y 17. století
|2 czenas
|
| 650 |
0 |
9 |
|a bishops
|z Czechia
|y 17th century
|2 eczenas
|
| 650 |
0 |
9 |
|a princes
|z Czechia
|y 17th century
|2 eczenas
|
| 650 |
0 |
9 |
|a benefactors
|z Czechia
|y 17th century
|2 eczenas
|
| 650 |
0 |
9 |
|a dioceses
|z Czechia
|y 17th century
|2 eczenas
|
| 650 |
0 |
9 |
|a administration and management of the church
|z Czechia
|y 17th century
|2 eczenas
|
| 650 |
0 |
9 |
|a patronage
|z Czechia
|y 17th century
|2 eczenas
|
| 650 |
0 |
9 |
|a baroque art
|z Czechia
|2 eczenas
|
| 650 |
0 |
9 |
|a baroque music
|z Czechia
|y 17th century
|2 eczenas
|
| 650 |
0 |
9 |
|a art commission
|z Czechia
|y 17th century
|2 eczenas
|
| 650 |
0 |
9 |
|a Christianity and culture
|z Czechia
|y 17th century
|2 eczenas
|
| 650 |
0 |
9 |
|a Christianity and civilization
|z Czechia
|y 17th century
|2 eczenas
|
| 651 |
|
7 |
|a Morava (Česko)
|7 ge130070
|x náboženské a kulturní poměry
|y 17. století
|2 czenas
|
| 651 |
|
7 |
|a Evropa střední
|7 ge137882
|x náboženské a kulturní poměry
|y 17. století
|2 czenas
|
| 651 |
|
9 |
|a Moravia (Czechia)
|x religious and cultural conditions
|y 17th century
|2 eczenas
|
| 651 |
|
9 |
|a Europe, Central
|x religious and cultural conditions
|y 17th century
|2 eczenas
|
| 655 |
|
7 |
|a kolektivní monografie
|7 fd501537
|2 czenas
|
| 655 |
|
9 |
|a collective monographs
|2 eczenas
|
| 700 |
1 |
|
|a Jakubec, Ondřej,
|d 1976-
|7 jo2002109957
|4 edt
|
| 910 |
2 |
|
|a BOA001
|b 4-1442.463
|
| 990 |
|
|
|a BK
|
| 995 |
|
|
|a 01
|
| 991 |
|
|
|b 202002
|c NOV
|
| 996 |
6 |
|
|b 2610816649
|c 4-1442.463
|l MZK
|r Sklad / do 1 hodiny
|n 12
|p kup
|w 001783065
|u 000020
|a 1
|e BOA001
|j MZK50
|s P
|